| 000 | 01153cam a2200349 4500 | ||
|---|---|---|---|
| 001 | J128037 | ||
| 008 | 000000n2003 000 0 eng u | ||
| 035 | _a(Sirsi) u128037 | ||
| 041 | _aeng | ||
| 050 |
_a306 _h18 |
||
| 110 |
_aChartered Institute of Housing _92394 |
||
| 245 |
_aGood practice briefing _bequality and diversity - issue 26 June 2003 |
||
| 260 |
_aCoventry _hChartered Institute of Housing _c2003 |
||
| 300 |
_a19p. _c30cm. |
||
| 350 | _a10 | ||
| 490 |
_aCIH Good Practice Briefing _v26 |
||
| 505 | _aRegulatory framework | ||
| 505 | _aLegal and policy context | ||
| 505 | _aDeveloping diversity strategies | ||
| 505 | _aCommissioning and partnering | ||
| 505 | _aDiversity in the workplace | ||
| 505 | _aDiversity in service delivery | ||
| 505 | _aCommunication and consultation | ||
| 505 | _aPerformance management | ||
| 520 | _aThis Briefing examines the importance for housing organisations of valuing diversity. References and websites. | ||
| 650 | _aDIVERSITY | ||
| 650 | _aEQUAL OPPORTUNITIES | ||
| 650 | _aSOCIAL HOUSING | ||
| 650 | _aREGISTERED SOCIAL LANDLORDS | ||
| 690 | _aHOUSING | ||
| 942 | _n0 | ||
| 999 |
_c103860 _d103860 |
||